[Event "ICS rated blitz match"]
[Site "204.178.125.65"]
[Date "1999.08.27"]
[Round "?"]
[White "Lancelot"]
[Black "Hossa"]
[Result "0-1"]
[WhiteElo "2097"]
[BlackElo "2394"]
[PlyCount "66"]

1. e4 c5 2. Nf3 d6 3. Bb5+ Bd7 4. Bxd7+ Qxd7 5. O-O Nc6 6. d3 e6 7. c3 d5 8. e5
Qd8 9. d4 cxd4 10. cxd4 Bb4 11. Bd2 Bxd2 12. Qxd2 Nge7 13. Nc3 O-O 14. Nb5 Qd7
15. Nd6 f6 16. Rfe1 fxe5 17. dxe5 Ng6 18. Qg5 Nf4 19. Kf1 Rad8 20. a3 h6 21.
Qg4 Nd3 22. Re3 Ncxe5 23. Nxe5 Nxf2 24. Qg6 Qxd6 25. Kg1 Qb6 26. Rae1 Nd1 27.
Ng4 Nxe3 28. Nxh6+ Kh8 29. Qh5 Ng4+ 30. Kh1 Nf2+ 31. Kg1 Nh3+ 32. Kh1 Qg1+ 33.
Rxg1 33... Nf2# {Lancelot checkmated} 0-1

[Event "ICS rated blitz match"]
[Site "204.178.125.65"]
[Date "1999.08.27"]
[Round "?"]
[White "Hossa"]
[Black "MateGoD"]
[Result "0-1"]
[WhiteElo "2399"]
[BlackElo "2458"]
[PlyCount "142"]

1. d4 Nf6 2. c4 Nc6 3. Nf3 d6 4. d5 Ne5 5. Nxe5 dxe5 6. Nc3 e6 7. e4 Bc5 8. Be2
Qd6 9. O-O Bd7 10. Bg5 O-O-O 11. Rc1 h6 12. Be3 Qb6 13. Qd2 Bd4 14. Rc2 Kb8 15.
Bf3 Qc5 16. b3 Qb6 17. Ne2 Bxe3 18. fxe3 Rhe8 19. Rc3 Qa6 20. a4 Qb6 21. Qc2
exd5 22. cxd5 c6 23. d6 Be6 24. Rd1 Qb4 25. Qd2 Nxe4 26. Bxe4 Qxe4 27. Ng3 Qg6
28. Rf1 h5 29. Qd3 h4 30. Nf5 h3 31. g3 Bxf5 32. Qxf5 Qxd6 33. Qxh3 Qd2 34.
Rfc1 Rh8 35. Qg2 Qxg2+ 36. Kxg2 Rd2+ 37. Kf3 Rhxh2 38. Kg4 Kc7 39. b4 Ra2 40.
a5 Rhb2 41. Rc4 Ra4 42. Kf5 Raxb4 43. Rc5 Rh2 44. g4 Rf2+ 45. Kxe5 Rxg4 46.
R1c4 Rxc4 47. Rxc4 Ra2 48. Rc5 Ra4 49. e4 f6+ 50. Ke6 Rxe4+ 51. Kf7 Re5 52. Rc4
Rxa5 53. Kxg7 f5 54. Kf7 Re5 55. Rc2 b5 56. Kf6 Rd5 57. Re2 a5 58. Ke6 b4 59.
Rh2 b3 60. Rh4 b2 61. Rh1 a4 62. Rh7+ Kb6 63. Rh1 a3 64. Rb1 Rb5 65. Ke7 a2 66.
Rg1 b1=Q 67. Rg6 a1=Q 68. Kd7 Qa7+ 69. Ke8 Qe4+ 70. Re6 Qxe6+ 71. Kf8 71...
Qae7# {Hossa checkmated} 0-1

[Event "ICS rated blitz match"]
[Site "204.178.125.65"]
[Date "1999.08.27"]
[Round "?"]
[White "Hossa"]
[Black "QueenIEater"]
[Result "1-0"]
[WhiteElo "2386"]
[BlackElo "2038"]
[PlyCount "41"]

1. d4 Nf6 2. c4 e6 3. Nc3 d5 4. Bf4 Bb4 5. Nf3 Nbd7 6. Bg5 c6 7. a3 Bxc3+ 8.
bxc3 Qa5 9. Bd2 Ne4 10. cxd5 exd5 11. e3 O-O 12. c4 Nxd2 13. Nxd2 Nf6 14. cxd5
Nxd5 15. Bd3 Be6 16. O-O Qc3 17. Ne4 Qa5 18. Qh5 g6 19. Nf6+ Kg7 20. Qe5 Qc7
21. Ne8+ {QueenIEater resigns} 1-0

[Event "ICS rated blitz match"]
[Site "204.178.125.65"]
[Date "1999.08.27"]
[Round "?"]
[White "QueenIEater"]
[Black "Hossa"]
[Result "0-1"]
[WhiteElo "2034"]
[BlackElo "2390"]
[PlyCount "76"]

1. e4 c5 2. f4 e6 3. Nf3 Ne7 4. c3 d5 5. e5 Nec6 6. Bd3 c4 7. Bc2 Be7 8. O-O
Nd7 9. d4 cxd3 10. Qxd3 Nc5 11. Qe2 a6 12. b4 Nd7 13. a4 b6 14. Bd2 Bb7 15. Nd4
O-O 16. g4 Re8 17. Ra2 Qc7 18. Be3 Nxd4 19. Bxd4 a5 20. b5 Rec8 21. h4 Nc5 22.
f5 Ne4 23. fxe6 fxe6 24. Rf3 Bxh4 25. Na3 Rf8 26. Bxe4 dxe4 27. Rxf8+ Rxf8 28.
Qc4 Qxc4 29. Nxc4 Bd5 30. Rh2 Bxc4 31. Rxh4 Rf1+ 32. Kg2 Ra1 33. Bxb6 Rxa4 34.
Bd4 Ra2+ 35. Kg3 Bxb5 36. g5 Bc6 37. Kf4 Rd2 38. Rh2 38... Rxh2 {
QueenIEater resigns} 0-1

[Event "ICS rated blitz match"]
[Site "204.178.125.65"]
[Date "1999.08.27"]
[Round "?"]
[White "Hossa"]
[Black "JudgeTurpin"]
[Result "0-1"]
[WhiteElo "2394"]
[BlackElo "2545"]
[PlyCount "160"]

1. d4 d5 2. c4 Nc6 3. Nf3 Bg4 4. Nc3 e6 5. cxd5 exd5 6. e3 Nf6 7. Bb5 Bd6 8.
O-O O-O 9. Bd2 Ne7 10. Be2 c6 11. Ng5 Bxe2 12. Qxe2 Bc7 13. Nf3 Qd6 14. e4 dxe4
15. Nxe4 Nxe4 16. Qxe4 Ng6 17. Rae1 Rfd8 18. Re2 Rac8 19. Rfe1 Bb6 20. Bc3 Nf4
21. Rd2 f6 22. Nh4 g6 23. Qe3 Nd5 24. Qh6 Re8 25. Rdd1 Qf4 26. Qxf4 Nxf4 27.
Nf3 Nd5 28. a4 Rxe1+ 29. Rxe1 Kf7 30. h4 Re8 31. Rxe8 Kxe8 32. g3 Ke7 33. Kg2
Ke6 34. Be1 Kf5 35. a5 Bc7 36. b3 Ke4 37. Bd2 a6 38. g4 b5 39. axb6 Bxb6 40.
Ne1 h5 41. f3+ Kxd4 42. Kf1 f5 43. gxf5 gxf5 44. Ke2 Nc3+ 45. Kf2 Ke5+ 46. Kf1
Nb5 47. Nd3+ Kd6 48. b4 Nd4 49. Bf4+ Kd5 50. Be3 Bc7 51. Kf2 Ne6 52. Ke2 Bd6
53. Bd2 Be7 54. Ke3 Bxh4 55. Nf4+ Nxf4 56. Kxf4 Ke6 57. Ke3 Bg5+ 58. f4 Bd8 59.
Ke2 Kd5 60. Kd3 Bb6 61. Be1 Bc7 62. Bd2 Bd6 63. Be1 Bxf4 64. Bh4 Bd6 65. Be1 f4
66. Ke2 Ke4 67. Bc3 f3+ 68. Kf1 h4 69. Be1 h3 70. Kg1 Kf5 71. Bf2 Bxb4 72. Kh2
Kg4 73. Kh1 a5 74. Kg1 a4 75. Bd4 a3 76. Be5 a2 77. Bd4 Bc5 78. Bxc5 a1=Q+ 79.
Kh2 Qf1 80. Bd4 80... Qg2# {Hossa checkmated} 0-1

[Event "ICS Rated blitz match"]
[Site "204.178.125.65"]
[Date "1999.08.27"]
[Round "?"]
[White "JudgeTurpin"]
[Black "Hossa"]
[Result "1-0"]
[WhiteElo "2554"]
[BlackElo "2385"]
[PlyCount "90"]

1. Nf3 d6 2. d4 d5 3. e3 Bg4 4. Qd3 Bxf3 5. Qb5+ Nd7 6. gxf3 e6 7. Qxb7 Ngf6 8.
Nc3 a5 9. Nb5 Rc8 10. Qa6 Be7 11. Qxa5 O-O 12. Bd2 c6 13. Qxd8 Rcxd8 14. Nc7
Rb8 15. Bc3 Rb6 16. a4 Rb7 17. Na6 Ra8 18. b4 Rba7 19. b5 cxb5 20. axb5 Rc8 21.
Kd2 g6 22. Bd3 Bd6 23. Ba5 Bf8 24. Ra4 e5 25. Re1 exd4 26. Rxd4 Bd6 27. f4 Ba3
28. Rb1 Bf8 29. h3 Bg7 30. Ke2 Nf8 31. f5 N8d7 32. fxg6 fxg6 33. c4 dxc4 34.
Bxc4+ Kh8 35. Rbd1 Re8 36. b6 Rb7 37. Nc7 Nxb6 38. Nxe8 Nxe8 39. Bxb6 Bxd4 40.
Bxd4+ Ng7 41. Bf6 h5 42. Rd8+ Kh7 43. Bg8+ Kh6 44. Bd5 Ne8 45. Rxe8 45... Rc7 {
Hossa resigns} 1-0

[Event "ICS Rated blitz match"]
[Site "204.178.125.65"]
[Date "1999.08.27"]
[Round "?"]
[White "Hossa"]
[Black "PostModernist"]
[Result "0-1"]
[WhiteElo "2366"]
[BlackElo "2530"]
[PlyCount "160"]

1. e4 e5 2. Nf3 Nf6 3. Nxe5 d6 4. Nf3 Nxe4 5. d4 d5 6. Bd3 Bd6 7. O-O O-O 8. c4
c6 9. Nbd2 Bf5 10. Be2 Qc7 11. Re1 Re8 12. c5 Be7 13. Nxe4 dxe4 14. Ne5 Nd7 15.
Nc4 Rad8 16. Bd2 b6 17. cxb6 axb6 18. Rc1 Be6 19. a3 Bf6 20. Be3 Nf8 21. b4 Re7
22. a4 c5 23. bxc5 bxc5 24. Na3 Bxd4 25. Bxd4 Rxd4 26. Qc2 Rb4 27. Nb5 Qe5 28.
Qxc5 Qxc5 29. Rxc5 Rxa4 30. Nc3 Rd4 31. Bb5 f5 32. f3 exf3 33. Rxf5 fxg2 34.
Kxg2 Ng6 35. Rff1 Nf4+ 36. Kg3 g5 37. Re5 h6 38. Rfe1 Rb4 39. Bc6 Rb3 40. R1e3
Rc7 41. Rc5 Bf7 42. h4 Rb6 43. hxg5 Nh5+ 44. Kh4 Rbxc6 45. Rxc6 hxg5+ 46. Kxg5
Rxc6 47. Ne4 Re6 48. Kf5 Ng7+ 49. Kg5 Bg6 50. Kf4 Nh5+ 51. Kf3 Re8 52. Nc3 Rf8+
53. Kg4 Rf1 54. Re7 Rg1+ 55. Kh4 Ng3 56. Rc7 Nf5+ 57. Kh3 Nd4 58. Rc5 Kf7 59.
Rd5 Bf5+ 60. Rxf5+ Nxf5 61. Kh2 Rg7 62. Ne4 Ke6 63. Nc5+ Ke5 64. Kh3 Kd5 65.
Na4 Rg3+ 66. Kh2 Rb3 67. Kg2 Nd6 68. Kh2 Ne4 69. Nb6+ Rxb6 70. Kg2 Kd4 71. Kf3
Rf6+ 72. Kg4 Rf8 73. Kh5 Rg8 74. Kh6 Rg1 75. Kh5 Ke3 76. Kh6 Kf3 77. Kh5 Kf4
78. Kh6 Kf5 79. Kh7 Nf6+ 80. Kh6 80... Rg6# {Hossa checkmated} 0-1

[Event "ICS Rated blitz match"]
[Site "204.178.125.65"]
[Date "1999.08.27"]
[Round "?"]
[White "PostModernist"]
[Black "Hossa"]
[Result "1-0"]
[WhiteElo "2539"]
[BlackElo "2357"]
[PlyCount "87"]

1. e4 e5 2. Nf3 Nf6 3. Nxe5 d6 4. Nf3 Nxe4 5. d4 d5 6. Bd3 Bd6 7. c4 Bb4+ 8.
Nbd2 Bg4 9. cxd5 Qe7 10. O-O Bxd2 11. Bxd2 O-O 12. Re1 f5 13. Qb3 Nxd2 14. Nxd2
Qg5 15. Re3 Nd7 16. d6+ Kh8 17. dxc7 f4 18. Re4 f3 19. Qb5 Qxd2 20. Rxg4 Nb6
21. Qe5 Qh6 22. Qe4 Rae8 23. Qxb7 fxg2 24. Qxa7 Qf6 25. Rxg2 Qxd4 26. Kh1 Rc8
27. Rc1 Qxb2 28. Rb1 Qd2 29. Ba6 Qc2 30. Qxb6 Rxc7 31. Rbg1 Rcf7 32. Qd4 Qc6
33. Be2 Re7 34. Bd3 Qh6 35. a4 Rb8 36. Bc4 Rbe8 37. a5 Qc6 38. Bd5 Qd7 39. f4
Rd8 40. Qf6 Rc8 41. f5 Rb8 42. Bc4 Ra8 43. Qh4 Re3 44. Rxg7 {Hossa resigns} 1-0

[Event "ICS Rated blitz match"]
[Site "204.178.125.65"]
[Date "1999.08.27"]
[Round "?"]
[White "Hossa"]
[Black "PostModernist"]
[Result "0-1"]
[WhiteElo "2349"]
[BlackElo "2547"]
[PlyCount "86"]

1. e4 e6 2. d4 c5 3. Nc3 cxd4 4. Qxd4 Nc6 5. Qd1 Bb4 6. Bd2 Nf6 7. Bd3 O-O 8.
Nge2 b6 9. a3 Bd6 10. O-O Ng4 11. Bf4 Bxf4 12. Nxf4 Qh4 13. Nh3 Bb7 14. Qe1
Nge5 15. f4 Qxe1 16. Rfxe1 Nxd3 17. cxd3 Nd4 18. Rac1 Rac8 19. Ng5 f5 20. Nh3
a5 21. b4 Ba6 22. Nf2 fxe4 23. dxe4 Rxf4 24. bxa5 bxa5 25. e5 Rf5 26. a4 Rcf8
27. Nh1 Nc6 28. Ng3 Rxe5 29. Red1 Nb8 30. Rd2 Rc5 31. Rd6 Rc4 32. Rb6 Rb4 33.
Rxb4 axb4 34. Nb5 Nc6 35. Nc7 Bb7 36. Rd1 Ne5 37. Re1 Nd3 38. Rd1 Nc5 39. a5 b3
40. Rc1 b2 41. Rb1 Rc8 42. Nb5 Na4 43. Ne2 43... Be4 {Hossa resigns} 0-1

[Event "ICS rated bullet match"]
[Site "204.178.125.65"]
[Date "1999.08.27"]
[Round "?"]
[White "JSBach"]
[Black "Hossa"]
[Result "0-1"]
[WhiteElo "1945"]
[BlackElo "2309"]
[PlyCount "62"]

1. d4 a6 2. Bf4 d5 3. Qd3 Nc6 4. Nf3 Bg4 5. Nbd2 e6 6. Qb3 b5 7. Qc3 Nge7 8.
O-O-O a5 9. Qc5 a4 10. Qxb5 a3 11. b3 Ra5 12. Qb7 Ra7 13. Qb5 Bxf3 14. Nxf3 Qa8
15. e3 Ra5 16. Qe2 Qd8 17. Qe1 Ng6 18. Qc3 Nb4 19. Qxc7 Nxa2+ 20. Kb1 Qxc7 21.
Bxc7 Nc3+ 22. Ka1 Ra7 23. Bb8 Ra8 24. Rd3 Ne4 25. Bg3 Bb4 26. Rd1 O-O 27. Bd3
a2 28. Rb1 axb1=Q+ 29. Kxb1 Bc3 30. Ba6 Rxa6 31. Rd1 31... Ra1# {
JSBach checkmated} 0-1

[Event "ICS Rated bullet match"]
[Site "204.178.125.65"]
[Date "1999.08.27"]
[Round "?"]
[White "Hossa"]
[Black "JSBach"]
[Result "1-0"]
[WhiteElo "2313"]
[BlackElo "1941"]
[PlyCount "75"]

1. f4 d5 2. Nf3 Bf5 3. g3 Nf6 4. Bg2 Nbd7 5. Nc3 e6 6. O-O Bd6 7. Nb5 Bb4 8.
Nbd4 Bc5 9. d3 Ng4 10. Re1 Qf6 11. c3 O-O-O 12. e4 dxe4 13. dxe4 Bg6 14. f5
Nxh2 15. Kxh2 Bxd4 16. Bg5 exf5 17. Bxf6 Bxf6 18. exf5 Bxf5 19. Bh3 Bxh3 20.
Kxh3 Ne5 21. Qb1 Nd3 22. Re3 Nc5 23. Qc2 Ne6 24. Rae1 Rhe8 25. Qf5 Rd7 26. Qxh7
g6 27. Rxe6 fxe6 28. Qxg6 Rf8 29. Rxe6 Bxc3 30. bxc3 Rdd8 31. Re7 Kb8 32. Qe4
b5 33. Qc6 Rh8+ 34. Kg2 Rc8 35. Ne5 a5 36. Qxb5+ Ka7 37. Nc6+ Ka8 38. Qa6# {
JSBach checkmated} 1-0

[Event "ICS Rated blitz match"]
[Site "204.178.125.65"]
[Date "1999.08.27"]
[Round "?"]
[White "Hossa"]
[Black "Zippy"]
[Result "0-1"]
[WhiteElo "2341"]
[BlackElo "2297"]
[PlyCount "109"]

1. f4 e5 2. fxe5 d6 3. exd6 Bxd6 4. Nf3 g5 5. b3 g4 6. Bb2 gxf3 7. exf3 Qe7+ 8.
Qe2 f6 9. Qxe7+ Kxe7 10. Nc3 Nc6 11. O-O-O Kd8 12. Ne4 Be7 13. g4 Ne5 14. Bg2
Ng6 15. Rhe1 h5 16. h3 hxg4 17. hxg4 Rh2 18. Bf1 f5 19. gxf5 Bxf5 20. Bc4 Nh6
21. Rh1 Rh4 22. Rxh4 Nxh4 23. Rh1 Bg6 24. Bc3 N6f5 25. f4 Be8 26. Be6 Bd7 27.
Bd5 c6 28. Bf7 Kc7 29. Be5+ Kb6 30. Bf6 Rf8 31. Bxe7 Nxe7 32. Ng5 Ng2 33. Rf1
Rh8 34. Rf2 Rh1+ 35. Kb2 Nh4 36. Re2 Nd5 37. Bxd5 cxd5 38. Re5 Kc6 39. Ne6 Nf3
40. Re2 Kd6 41. Nf8 Bf5 42. Re3 Nxd2 43. Re5 Bg4 44. Rg5 Bc8 45. Rg2 Ne4 46.
Ng6 Rf1 47. a4 Bf5 48. c3 Nc5 49. c4 Rb1+ 50. Ka2 Nxb3 51. Ka3 dxc4 52. Ne5 c3
53. Nf7+ Kd5 54. Rg5 c2 55. Rxf5+ {Hossa resigns} 0-1

[Event "ICS Rated blitz match"]
[Site "204.178.125.65"]
[Date "1999.09.29"]
[Round "?"]
[White "Amateur"]
[Black "Hossa"]
[Result "0-1"]
[WhiteElo "2438"]
[BlackElo "2496"]
[PlyCount "136"]
[EventDate "1999.??.??"]

1. g3 d5 2. Nf3 c6 3. Bg2 Bg4 4. Nc3 Nd7 5. h3 Bxf3 6. Bxf3 e6 7. d4 Bb4 8. Qd3
Ne7 9. Bd2 Bxc3 10. Qxc3 O-O 11. O-O-O c5 12. dxc5 Rc8 13. Qa3 Nxc5 14. Bc3 Qb6
15. Qb4 Qc6 16. Qg4 f6 17. Rhg1 Na4 18. Rd3 e5 19. Re3 e4 20. Bg2 g6 21. Rxe4
f5 22. Re6 fxg4 23. Rxc6 bxc6 24. Be1 Rb8 25. b3 gxh3 26. Bxh3 Nc5 27. f3 a6
28. Bf2 Ne4 29. Be6+ Kg7 30. Bd4+ Nf6 31. g4 h6 32. Be5 Rbe8 33. Bd6 Rh8 34.
Kd2 Neg8 35. Bxg8 Rhxg8 36. g5 hxg5 37. Rxg5 Re6 38. Bc5 Nd7 39. Bd4+ Kh6 40.
Rg2 c5 41. Bg1 Rb8 42. Kd3 Rbe8 43. c4 Ne5+ 44. Kd2 d4 45. Bh2 a5 46. Bf4+ Kg7
47. Rh2 Kf6 48. Bh6 d3 49. Kc3 dxe2 50. Rxe2 Rh8 51. Bd2 Nxf3 52. Rf2 Rh3 53.
Kb2 Ke5 54. Bxa5 Kd4 55. a4 g5 56. Bc7 g4 57. Rg2 Rg6 58. a5 g3 59. Ka3 Kc3 60.
Ka4 Rh1 61. a6 Nd4 62. Ba5+ Kd3 63. Ra2 Rxa6 64. b4 Rb1 65. Rd2+ Kxd2 66. bxc5+
Kc2 67. c6 Nxc6 68. c5 68... Rxa5# {Amateur checkmated} 0-1

[Event "ICS Rated blitz match"]
[Site "204.178.125.65"]
[Date "1999.10.08"]
[Round "?"]
[White "Amateur"]
[Black "Hossa"]
[Result "1-0"]
[WhiteElo "2413"]
[BlackElo "2427"]
[PlyCount "137"]
[EventDate "1999.??.??"]

1. e4 c5 2. Nf3 d6 3. Nc3 e5 4. Bc4 Be7 5. Nd5 Nc6 6. Nxe7 Qxe7 7. d3 Nf6 8.
Bg5 O-O 9. O-O Be6 10. Bxe6 fxe6 11. Qd2 d5 12. Bh4 Qd6 13. exd5 exd5 14. Rae1
b5 15. Bg3 Rae8 16. Qe3 Nd7 17. c3 Qf6 18. Nh4 Qf7 19. Qg5 a5 20. Re2 Re6 21.
a3 Rh6 22. Qe3 Qf6 23. Nf3 Rh5 24. Rd2 a4 25. Qe2 Qh6 26. d4 e4 27. Ne1 cxd4
28. cxd4 Nb6 29. Qd1 Rhf5 30. Re2 Qf6 31. Nc2 Nc4 32. Kh1 Nxb2 33. Qb1 Nd3 34.
Qxb5 Nxd4 35. Nxd4 Qxd4 36. Qc6 Qa7 37. Rc2 Kh8 38. Qe6 Qf7 39. Qa6 Qe8 40. Rd2
Kg8 41. Rc2 R5f6 42. Qa5 Qa8 43. Qb5 R6f7 44. Kg1 Rd8 45. Rb1 Kh8 46. Rc6 Ra7
47. Bh4 Ra5 48. Qb6 Re8 49. Rc7 Nf4 50. Bf6 Nh5 51. Bd4 Ra6 52. Qc5 Rg8 53.
Rbb7 Rg6 54. Be3 Nf6 55. Ra7 Qe8 56. Re7 Qd8 57. Rxa4 Nd7 58. Qb4 Re8 59. Rxe8+
Qxe8 60. Qb7 Nb6 61. Bxb6 Rc6 62. g4 Rc8 63. Bd4 Qf8 64. Bxg7+ Kg8 65. Bxf8
Kxf8 66. Qxc8+ Kg7 67. Ra7+ Kh6 68. h4 d4 69. Qc6# {Hossa checkmated} 1-0

[Event "ICS Rated blitz match"]
[Site "204.178.125.65"]
[Date "1999.09.07"]
[Round "?"]
[White "Amateur"]
[Black "Hossa"]
[Result "1-0"]
[WhiteElo "2438"]
[BlackElo "2494"]
[PlyCount "98"]
[EventDate "1999.??.??"]

1. e4 Nc6 2. d4 d5 3. exd5 Qxd5 4. Be3 e5 5. c4 Qa5+ 6. Bd2 Nb4 7. Qe2 Bf5 8.
Na3 f6 9. Bc3 Bd3 10. Qe3 Bxf1 11. Kxf1 O-O-O 12. dxe5 Bc5 13. Qh3+ Kb8 14. Qg4
Bf8 15. Rd1 Rxd1+ 16. Qxd1 Be7 17. Nc2 Qxa2 18. Nxb4 Qxc4+ 19. Qe2 Qxe2+ 20.
Kxe2 Bxb4 21. Bxb4 Nh6 22. exf6 Re8+ 23. Kf3 gxf6 24. Bc3 Rd8 25. Nh3 Rd3+ 26.
Kf4 Ng8 27. Re1 Kc8 28. Re8+ Rd8 29. Rxd8+ Kxd8 30. Ke4 Ke7 31. Nf4 Kf7 32. g4
c5 33. Kd5 b6 34. Kc6 Ne7+ 35. Kb7 b5 36. Kxa7 b4 37. Be1 Nc6+ 38. Kb6 Ne5 39.
Kxc5 Nf3 40. Ng2 Nxh2 41. Ne3 Kg6 42. f4 b3 43. Bc3 Nf3 44. Nd5 Kf7 45. Nxf6 h6
46. Kb4 Ng1 47. Kxb3 Ne2 48. g5 hxg5 49. fxg5 49... Kg6 {Hossa resigns} 1-0

[Event "ICS Rated blitz match"]
[Site "204.178.125.65"]
[Date "1999.10.08"]
[Round "?"]
[White "Amateur"]
[Black "Hossa"]
[Result "1-0"]
[WhiteElo "2414"]
[BlackElo "2444"]
[PlyCount "96"]
[EventDate "1999.??.??"]

1. e4 e5 2. Nf3 Nf6 3. Nxe5 d6 4. Nf3 Nxe4 5. d4 d5 6. Bd3 Be7 7. O-O Nc6 8.
Re1 f5 9. Bf4 O-O 10. Bb5 a6 11. Bxc6 bxc6 12. Ne5 Bb7 13. f3 Nd6 14. Nc3 Re8
15. Re2 Rb8 16. Qd2 Bf6 17. Rae1 Bh4 18. Rf1 Ba8 19. Na4 Rb5 20. Qc3 a5 21. Be3
Qf6 22. Nc5 Rb4 23. Ncd3 Nb5 24. Qd2 f4 25. Nxf4 Qf5 26. c3 Ra4 27. Qd1 Rxa2
28. Qb3 Nxc3 29. Qxc3 Ra4 30. b3 Rb4 31. Nxc6 Rb6 32. Ne5 c6 33. Nfd3 Bf6 34.
Ra2 Bd8 35. Qxa5 Bb7 36. Nc5 Rxb3 37. Qa7 Rxe3 38. Qxb7 Qf6 39. Ra8 Re2 40. Qd7
Rf8 41. Ne6 Be7 42. Nxf8 Bxf8 43. Rc8 Rxe5 44. dxe5 Qxe5 45. Qxc6 Qe3+ 46. Kh1
Qe5 47. Rd1 Kf7 48. f4 48... Qe4 {Hossa resigns} 1-0

[Event "ICS Rated blitz match"]
[Site "204.178.125.65"]
[Date "1999.09.19"]
[Round "?"]
[White "BarkingCow"]
[Black "Hossa"]
[Result "0-1"]
[WhiteElo "2670"]
[BlackElo "2583"]
[PlyCount "36"]
[EventDate "1999.??.??"]

1. e4 e5 2. Nf3 Nc6 3. d4 exd4 4. Nxd4 Bc5 5. Be3 Bxd4 6. Bxd4 Nxd4 7. Qxd4 Qf6
8. Qc3 b6 9. e5 Qd8 10. Qf3 Rb8 11. Qg3 g6 12. Nc3 h5 13. Bc4 h4 14. Qf4 Nh6
15. O-O-O h3 16. gxh3 Nf5 17. Bd3 Qh4 18. Qd2 18... Ne7 {BarkingCow resigns}
0-1

[Event "ICS Rated blitz match"]
[Site "204.178.125.65"]
[Date "1999.10.05"]
[Round "?"]
[White "Beadle"]
[Black "Hossa"]
[Result "0-1"]
[WhiteElo "2466"]
[BlackElo "2423"]
[PlyCount "144"]
[EventDate "1999.??.??"]

1. d4 Nf6 2. c4 g6 3. Nc3 Bg7 4. e4 d6 5. Nf3 O-O 6. Be2 e5 7. O-O Nc6 8. d5
Ne7 9. b4 a5 10. b5 Nd7 11. Be3 f5 12. Ng5 Nf6 13. Qc2 h6 14. Ne6 Bxe6 15. dxe6
fxe4 16. Nxe4 Nf5 17. Ng3 Nxe3 18. fxe3 e4 19. Nxe4 Nxe4 20. Rxf8+ Qxf8 21. Rf1
Nf6 22. Qxg6 Qe7 23. Bf3 Rb8 24. Be4 c6 25. bxc6 bxc6 26. Bxc6 Rb2 27. a4 Rb4
28. Rf4 Rb3 29. Bd5 Kh8 30. Rf3 Rb4 31. g3 Rxa4 32. Rxf6 Bxf6 33. Qxh6+ Kg8 34.
h4 Ra2 35. c5 Ra1+ 36. Kh2 Be5 37. c6 Rc1 38. Qh5 Rc5 39. e4 Rc3 40. Qf7+ Qxf7
41. exf7+ Kf8 42. Kg2 Rxg3+ 43. Kf2 a4 44. Ke2 a3 45. Kd1 Rc3 46. h5 Rxc6 47.
Kd2 Rb6 48. Kd3 Rb2 49. h6 a2 50. Bxa2 Rxa2 51. Kc4 Ra4+ 52. Kd3 Kxf7 53. Ke3
Rxe4+ 54. Kxe4 Kg6 55. h7 Kxh7 56. Kf5 Kh6 57. Ke4 Kg5 58. Ke3 Kf5 59. Kd3 Kf4
60. Kd2 Ke4 61. Ke2 d5 62. Kf2 Bd6 63. Ke2 d4 64. Kd2 d3 65. Kc3 Ke3 66. Kc4 d2
67. Kb5 d1=Q 68. Kc6 Ke4 69. Kb6 Kd5 70. Kb7 Qb1+ 71. Ka7 Kc6 72. Ka6 72...
Qa1# {Beadle checkmated} 0-1

[Event "ICS Rated blitz match"]
[Site "204.178.125.65"]
[Date "1999.08.27"]
[Round "?"]
[White "Beadle"]
[Black "Hossa"]
[Result "0-1"]
[WhiteElo "2584"]
[BlackElo "2325"]
[PlyCount "102"]
[EventDate "1999.??.??"]

1. d4 Nf6 2. Nf3 e6 3. c4 Bb4+ 4. Bd2 Bxd2+ 5. Nbxd2 d5 6. e3 O-O 7. Bd3 Nbd7
8. c5 Re8 9. Rc1 e5 10. dxe5 Nxe5 11. Nxe5 Rxe5 12. Qb3 Rg5 13. g3 Re5 14. Nf3
Rh5 15. Nd4 Ng4 16. h4 Ne5 17. Be2 Rh6 18. Rc3 c6 19. f4 Nd7 20. O-O Nf6 21.
Bd3 Nh5 22. Rf3 Bg4 23. Rf2 Nxg3 24. Qxb7 Rc8 25. Nf3 Rc7 26. Qb4 Re7 27. Ne5
f5 28. Rg2 Nh5 29. Rxg4 fxg4 30. Nxg4 Rhe6 31. Ne5 Qf8 32. Rc2 Qf6 33. Qb8+ Re8
34. Qxa7 Qxh4 35. Qf7+ Kh8 36. Rc3 Qg3+ 37. Kf1 Nf6 38. Qb7 R6e7 39. Qxc6 Qxe3
40. Qa4 d4 41. Bxh7 dxc3 42. Bc2 Qc1+ 43. Kg2 Rxe5 44. fxe5 Rxe5 45. Qh4+ Rh5
46. Qxh5+ Nxh5 47. bxc3 Qxc2+ 48. Kf3 Qxc3+ 49. Kg4 g6 50. Kg5 Kh7 51. a4 51...
Qg3# {Beadle checkmated} 0-1

[Event "ICS Rated blitz match"]
[Site "204.178.125.65"]
[Date "1999.09.15"]
[Round "?"]
[White "Beadle"]
[Black "Hossa"]
[Result "1-0"]
[WhiteElo "2468"]
[BlackElo "2406"]
[PlyCount "253"]
[EventDate "1999.??.??"]

1. Nf3 d5 2. d4 Nf6 3. Bf4 Nh5 4. e3 Nxf4 5. exf4 Bg4 6. h3 Bxf3 7. Qxf3 e6 8.
Qb3 b6 9. Qe3 Bb4+ 10. Nd2 O-O 11. c3 Be7 12. Bd3 c5 13. dxc5 Bxc5 14. Qg3 Be7
15. O-O Nd7 16. Nf3 Rc8 17. Rfe1 Nc5 18. Bc2 a5 19. Nd4 Bf6 20. Kh1 Qd7 21. b3
Qc7 22. Re3 Qe7 23. Rd1 Qd6 24. Nf3 Nd7 25. Ne5 Kh8 26. c4 b5 27. Re2 bxc4 28.
bxc4 g6 29. cxd5 exd5 30. Bb3 Rc5 31. Qe3 Nb6 32. Rc2 Rxc2 33. Bxc2 Kg8 34. Bd3
d4 35. Qe4 Qd5 36. Qxd5 Nxd5 37. Be4 Nc3 38. Rxd4 Nxa2 39. Rc4 Rd8 40. Kh2 Nb4
41. Kg3 h5 42. Rc7 Re8 43. Rc5 Bd8 44. Rb5 Bc7 45. h4 f5 46. Bf3 Kg7 47. Rb7
Re7 48. Be2 Nd5 49. Bc4 Nc3 50. Kf3 Ne4 51. Bd5 Nd6 52. Rb3 Kf6 53. Rc3 a4 54.
Rc6 Bb8 55. Rb6 Bc7 56. Ra6 a3 57. Rxa3 Kg7 58. Ra6 Re8 59. Ke3 Re7 60. Rc6 Kh7
61. Kf3 Nb5 62. Rc5 Nd4+ 63. Ke3 Ne6 64. Rc6 Nxf4 65. Kxf4 Bxe5+ 66. Kg5 Rd7
67. Bf3 Bd6 68. Kf6 Bf4 69. Rc4 Rd6+ 70. Ke7 Bh2 71. Rc2 Rd3 72. Bc6 Be5 73.
Ke6 Bd4 74. Bd5 Kg7 75. g3 Kh6 76. Kd6 Kh7 77. Re2 Kg7 78. Ke6 Bc3 79. Rc2 Be1
80. Re2 Bd2 81. Bc6 Bc3 82. Rc2 Ba5 83. Ra2 Bb6 84. Rb2 Bc5 85. Bd5 Kh7 86. Rc2
Bd4 87. Rc7+ Kh6 88. Rc2 Bb6 89. Bc6 Bd4 90. Re2 Bc5 91. Bd5 Bd4 92. Bg2 Rb3
93. Kf7 Rc3 94. Bd5 Rc8 95. Rd2 Bc3 96. Rd3 Rc7+ 97. Ke6 Kg7 98. Kd6 Rc8 99.
Be6 Bb4+ 100. Ke5 Rc6 101. Rd7+ Kh6 102. Bg8 Rc5+ 103. Kd4 g5 104. Rh7+ Kg6
105. Rb7 Ba3 106. Ra7 Bb4 107. Bf7+ Kf6 108. Rb7 Ba3 109. hxg5+ Kxg5 110. Ra7
Bb4 111. Ra4 Rb5 112. Kc4 Rc5+ 113. Kxb4 Rc7 114. Bc4 h4 115. gxh4+ Kxh4 116.
Ra5 f4 117. Be2 Rb7+ 118. Kc3 Rc7+ 119. Kd4 Rd7+ 120. Ke4 Kh3 121. Bf3 Rh7 122.
Ra1 Re7+ 123. Kf5 Rf7+ 124. Ke6 Kh4 125. Kxf7 Kg5 126. Rh1 Kf5 127. Rh5# {
Hossa checkmated} 1-0

[Event "ICS Rated blitz match"]
[Site "204.178.125.65"]
[Date "1999.10.05"]
[Round "?"]
[White "Beadle"]
[Black "Hossa"]
[Result "1-0"]
[WhiteElo "2432"]
[BlackElo "2457"]
[PlyCount "106"]
[EventDate "1999.??.??"]

1. d4 Nf6 2. Nf3 e6 3. c4 b6 4. e3 Bb7 5. Bd3 Bb4+ 6. Bd2 Bxf3 7. Qxf3 Nc6 8.
Nc3 O-O 9. a3 Bxc3 10. Bxc3 Ne7 11. d5 Ne8 12. dxe6 dxe6 13. Be4 Rb8 14. Rd1
Qc8 15. Qg3 Ng6 16. Bb4 c5 17. Bc3 f5 18. Bf3 Nf6 19. h4 Rd8 20. Rxd8+ Qxd8 21.
Bxf6 gxf6 22. h5 f4 23. exf4 Qd3 24. Bd1 Qxg3 25. fxg3 Nf8 26. Kd2 Rd8+ 27. Kc3
Rd4 28. Bf3 Kf7 29. b4 e5 30. Bd5+ Ke7 31. fxe5 fxe5 32. Rf1 cxb4+ 33. axb4 Rg4
34. Rf7+ Ke8 35. Rxa7 Rxg3+ 36. Kb2 Rd3 37. Bc6+ Kd8 38. Rf7 Ne6 39. Rxh7 Nd4
40. Rd7+ Kc8 41. h6 Rd2+ 42. Kc3 Rc2+ 43. Kd3 Rc1 44. b5 Rh1 45. h7 Ne6 46. Re7
Nc7 47. Rg7 Ne8 48. Bxe8 e4+ 49. Kxe4 Kd8 50. Bg6 Rh4+ 51. Kd5 Rh2 52. Kd6 Kc8
53. Rg8+ 53... Kb7 {Hossa resigns} 1-0

[Event "ICS Rated blitz match"]
[Site "204.178.125.65"]
[Date "1999.10.04"]
[Round "?"]
[White "Beadle"]
[Black "Hossa"]
[Result "1-0"]
[WhiteElo "2464"]
[BlackElo "2346"]
[PlyCount "113"]
[EventDate "1999.??.??"]

1. e4 e5 2. Nf3 Nc6 3. Bb5 a6 4. Ba4 Nf6 5. O-O Be7 6. Re1 b5 7. Bb3 O-O 8. d3
Bb7 9. Nc3 d6 10. Be3 Ng4 11. Bd2 Bh4 12. g3 Be7 13. Nd5 Nf6 14. a4 Qd7 15. Ne3
g6 16. axb5 axb5 17. Rxa8 Rxa8 18. Bc3 Nd8 19. Kh1 c5 20. Qe2 Ra7 21. Rd1 Ne6
22. Bxe6 fxe6 23. b4 Ra3 24. Be1 c4 25. dxc4 Nxe4 26. Kg1 Qe8 27. cxb5 Nc3 28.
Bxc3 Rxc3 29. Nd2 d5 30. Nb1 Rc8 31. Ng4 e4 32. c3 Bg5 33. h4 Be7 34. Rd2 Qf8
35. Rd4 Bd6 36. Qd2 Bc7 37. Qg5 Qf3 38. Nf6+ Kg7 39. Nxe4 Rf8 40. Nbd2 Qd1+ 41.
Nf1 Qf3 42. Nh2 Qf7 43. Qd2 e5 44. Rd3 Ra8 45. Ng5 Qd7 46. Rf3 Ra1+ 47. Nf1 Kg8
48. Qd3 Qc8 49. Rf7 Bb6 50. Qf3 Rxf1+ 51. Kxf1 Qc4+ 52. Kg2 Qf4 53. gxf4 e4 54.
Qh3 h6 55. Qe6 Bc6 56. Re7+ Kf8 57. Qf7# {Hossa checkmated} 1-0